魏晉南北朝志怪選
| 資料類型: | 圖書 | 書目號: | 52048 |
Leader xxxxxxxxxx 001 __ 102520/5/05 005 __ 20180426083507.770 010 0_ |a9789571516394|b平裝|d新臺幣750元 042 __ |anbic 100 __ |a20180426d2011 k y0chiy50 b 101 0_ |achi 102 __ |atw 105 __ |aa z 001ay 200 1_ |a魏晉南北朝志怪選|f尤雅姿注釋 205 __ |a修訂版 210 __ |a臺北市|c臺灣學生書局|d2011[民100] 215 0_ |a[18],503面|c圖,表|d23公分 300 __ |a含索引 300 __ |a參考書目:面501-503 700 _1 |a尤|b雅姿|4注釋 681 __ |a857.23|b8343 801 _0 |atw|bLibDipper|c20180426|gCCR |